| 000 | 01027cab a2200253 4500 | ||
|---|---|---|---|
| 001 | ABS68487 | ||
| 008 | 041118n2004 000 0 eng u | ||
| 035 | _a(Sirsi) u128035 | ||
| 100 | _aSheridan, P. | ||
| 245 | _aDisposal and recovery | ||
| 260 | _c2004 | ||
| 490 |
_aWastes Management _vNovember 2004, 51(1) |
||
| 520 | _aThe European Commission published a report earlier this year on the definition of waste recovery and disposal. Discusses whether the report will lead to a change in the waste framework directive (Directive 75/442/EEC). Waste disposal and recovery operations are defined in the directive but the report highlights some recent operations that cannot be easily classified. | ||
| 590 | _aABS | ||
| 650 | _aDIRECTIVE 75/442/EEC | ||
| 650 | _aWASTE DISPOSAL INDUSTRY | ||
| 650 | _aWASTE DISPOSAL | ||
| 650 | _aWASTE RECYCLING | ||
| 650 | _aWASTE POLICY | ||
| 650 | _aEUROPEAN COMMISSION | ||
| 690 | _aENVIRONMENTAL AND LAND CONSULTANCY-WASTE MANAGEMENT | ||
| 700 | _aRyan, A. | ||
| 942 | _n0 | ||
| 999 |
_c74605 _d74605 |
||